Computerization and data management in the metals analysis laboratory /

Bibliographic Details
Corporate Authors: ASTM Committee E-2 on Analytical Atomic Spectroscopy, American Society for Testing and Materials. Committee E-3 on Chemical Analysis of Metals
Other Authors: Worthington, Mary Ann, Bottone, Norma L.
Format: Book
Language:English
Published: Philadelphia, PA : ASTM, 1988.
Series:ASTM special technical publication ; 973.
Subjects:

MARC

Tag First Indicator Second Indicator Subfields
LEADER 00000cam a22000008a 4500
001 in00000010849
005 20151007051930.0
008 871231s1988 paua b 10100 eng
010 |a  87033671  
020 |a 080310975X 
035 |a (OCoLC)17353977 
035 |9 AAA5511AM 
040 |a DLC  |c DLC  |d TXA  |d UtOrBLW 
049 |a TXAM  |c [A12605499] 
050 0 0 |a TN570  |b .C66 1988 
082 0 |a 025/.06669  |2 19 
245 0 0 |a Computerization and data management in the metals analysis laboratory /  |c Mary Ann Worthington and Norma L. Bottone, editors. 
264 1 |a Philadelphia, PA :  |b ASTM,  |c 1988. 
300 |a v, 109 pages :  |b illustrations 
336 |a text  |b txt  |2 rdacontent 
337 |a unmediated  |b n  |2 rdamedia 
338 |a volume  |b nc  |2 rdacarrier 
490 1 |a ASTM special technical publication (STP) ;  |v 973 
500 |a Papers presented at an ASTM symposium in Nashville, 9/24/86, sponsored by ASTM Committees E-2 on Analytical Atomic Spectroscopy and E-3 on Chemical Analysis of Metals. 
504 |a Includes bibliographies and indexes. 
650 0 |a Metallurgical laboratories  |x Data processing  |x Congresses. 
650 0 |a Information storage and retrieval systems  |x Metallurgy  |x Congresses. 
700 1 |a Worthington, Mary Ann. 
700 1 |a Bottone, Norma L. 
710 2 |a ASTM Committee E-2 on Analytical Atomic Spectroscopy. 
710 2 |a American Society for Testing and Materials.  |b Committee E-3 on Chemical Analysis of Metals. 
830 0 |a ASTM special technical publication ;  |v 973. 
999 |a MARS 
999 f f |s ef6e96c4-551f-3d5c-a739-383eef4004b1  |i ee2755bd-85b0-348b-828f-83a62cf53da5  |t 0 
952 f f |p ric  |a Texas A&M University  |b Rellis Campus  |c Joint Library Facility  |d Remote Storage  |t 0  |e TN570 .C66 1988  |h Library of Congress classification  |i unmediated -- volume  |m A14812605499 
998 f f |a TN570 .C66 1988  |t 0  |l Remote Storage